Random small countries are missing! - Statistics

General Stats
  • This quiz has been taken 24 times
  • The average score is 26 of 30
Answers on the Map
Answers color-coded by a green-red scale on the quiz's map according to % correct below.
 
Answer Stats
Missing Countries Rank on smallest countries % Correct
Bahamas 40th smallest
100%
Belgium 59th smallest
100%
Equatorial Guinea 54th smallest
100%
Eswatini 42nd smallest
100%
Haiti 52nd smallest
100%
Kiribati 24th smallest
100%
Lesotho 58th smallest
100%
Luxembourg 28th smallest
100%
Micronesia 19th smallest
100%
Moldova 60th smallest
100%
San Marino 5th smallest
100%
Solomon Islands 56th smallest
100%
Tuvalu 4th smallest
100%
Vatican City Smallest
100%
Montenegro 39th smallest
94%
Barbados 13th smallest
93%
Cabo Verde 30th smallest
93%
São Tomé and Príncipe 25th smallest
93%
Bahrain 23rd smallest
92%
Marshall Islands 7th smallest
92%
Seychelles 15th smallest
92%
Andorra 17th smallest
91%
Monaco 2nd smallest
91%
Nauru 3rd smallest
91%
North Macedonia 50th smallest
91%
Qatar 37th smallest
91%
Fiji 44th smallest
90%
Palau 16th smallest
90%
Saint Vincent and the Grenadines 12th smallest
90%
El Salvador 46th smallest
89%
Jamaica 35th smallest
89%
Kuwait 43rd smallest
89%
Lebanon 34th smallest
88%
Maldives 9th smallest
87%
Slovenia 45th smallest
87%
Albania 55th smallest
86%
Antigua and Barbuda 14th smallest
86%
Malta 10th smallest
86%
Samoa 29th smallest
86%
Tonga 21st smallest
86%
Vanuatu 38th smallest
86%
Grenada 11th smallest
85%
Mauritius 27th smallest
83%
Rwanda 51st smallest
83%
Djibouti 49th smallest
82%
Singapore 20th smallest
82%
Gambia 36th smallest
80%
Timor-Leste 41st smallest
80%
Saint Lucia 18th smallest
78%
Armenia 57th smallest
75%
Dominica 22nd smallest
75%
Israel 47th smallest
75%
Saint Kitts and Nevis 8th smallest
75%
Brunei 32nd smallest
73%
Burundi 53rd smallest
70%
Trinidad and Tobago 31st smallest
67%
Belize 48th smallest
64%
Comoros 26th smallest
63%
Cyprus 33rd smallest
63%
Liechtenstein 6th smallest
63%
No matching quizzes found
Score Distribution
Percent of People with Each Score
Percentile by Number Answered
Your Score History
You have not taken this quiz